|
|
|
|
| LEADER |
00929nam a2200277 a 4500 |
| 001 |
2386646 |
| 008 |
111119r20021986nyua 001 0 eng |
| 010 |
|
|
|a 85013751
|
| 020 |
|
|
|a 8120309421
|
| 020 |
|
|
|a 0023250208
|
| 020 |
|
|
|a 0029461006 (international ed.)
|
| 040 |
|
|
|a DLC
|c DLC
|d DLC
|b D-DhAAL
|
| 050 |
0 |
0 |
|a BC108
|b .C69 1986
|
| 082 |
0 |
0 |
|a 160
|2 19
|
| 100 |
1 |
|
|a Copi, Irving M.
|
| 245 |
1 |
0 |
|a Introduction to logic /
|c Irving M. Copi.
|
| 250 |
|
|
|a 7th ed.
|
| 260 |
|
|
|a New York :
|b Macmillan ;
|a London :
|b Collier Macmillan,
|c c1986.
|
| 300 |
|
|
|a xiv, 617 p. :
|b ill. ;
|c 24 cm.
|
| 500 |
|
|
|a Includes index.
|
| 541 |
|
|
|e 00013395
|
| 650 |
|
0 |
|a Logic
|v Textbooks.
|
| 852 |
1 |
|
|a Ayesha Abed Library
|c General shelf.
|
| 942 |
0 |
0 |
|0 1
|
| 999 |
|
|
|c 11431
|d 11431
|
| 952 |
|
|
|0 0
|1 0
|2 ddc
|4 0
|6 160_000000000000000_COP
|7 0
|9 18584
|a BRACUL
|b BRACUL
|c GEN
|d 2011-11-19
|g 325.00
|l 10
|m 55
|o 160 COP
|p 3010013395
|r 2026-04-27
|s 2026-04-23
|t 1
|w 2011-11-19
|y BK
|